00404cam a2200157ua 45000010005000000080039000050400009000440820008000531000026000612450046000872500009001332600038001423000017001806530014001976530035002113002110921n ii |||gr||||Z||||||asm cMAIN a9201 aBhuyan, Surjya Kumar,11aAnundoram Borooahcby Suryya Kumar Bhuyan a8th. aGuahati:bLawyers book Stall,992. a163p:c23cm. aBiography aBiography of Anundoram Borooah